La reeducation des dyslexiques

Αποθηκεύτηκε σε:
Λεπτομέρειες βιβλιογραφικής εγγραφής
Κύριος συγγραφέας: Kocher, Francis
Άλλοι συγγραφείς: Rey, Andre (Συγγραφέας εισαγωγής κ.λπ.)
Μορφή: Βιβλίο
Γλώσσα:French
Δημοσίευση: Paris : Presses Universitaires de France, 1962
Έκδοση:2e ed., rev. et augm.
Σειρά:Nouvelle encyclopedie pedagogique ; ; 34
Θέματα:
Ετικέτες: Προσθήκη ετικέτας
Δεν υπάρχουν, Καταχωρήστε ετικέτα πρώτοι!

MARC

LEADER 00000cam a2200000 i 4500
001 1/90300
008 080701s1962 fre d
035 |l 10098626 
040 |a GR-MY-UA  |b gre  |e aacr 
041 0 |a fre 
082 0 |a 371.9144  |2 (22) 
100 1 |a Kocher, Francis. 
245 1 3 |a La reeducation des dyslexiques /  |c par Francis Kocher ; preface par Andre Rey 
250 |a 2e ed., rev. et augm. 
260 |a Paris :   |b Presses Universitaires de France,   |c 1962 
300 |a vii, 176 σ.;  |c 19 εκ. 
490 1 |a Nouvelle encyclopedie pedagogique  |v ; 34 
504 |a Βιβλιογραφία: σ. [171]-173 
650 0 0 |a Dyslexia  |x Handbooks, manuals, etc. 
650 0 0 |a Dyslexia  |x Research. 
650 0 0 |a Reading disability. 
700 1 |a Rey, Andre.  |4 aui 
830 0 |a Nouvelle encyclopedie pedagogique ;  |v ; 34 
852 |a INST  |b RHODES  |c AKA  |e 20080701  |h  371.9144 KOC  |p 005400027833  |q 005400027833  |t BK  |y 0 
901 |a BIBL4-2008-2 
909 |a Ρ  |b 150701 
970 |a ΧΑΡΙΟΠΟΛΙΤΟΥ  |b ΚΩΝΣΤΑΝΤΙΝΑ  |z 2008/07/01